Дело о причислении отставного статского советника Андрея Филонова к Министерству народного просвещения, с назначением членом Осо...

Доступно только в Электронных читальных залах Найти на картеНа карте
RUSMARC
00003821nmc2a2200000 x 450
001ab38a0e0-b56d-415c-840e-48e49a9c27f4
00520171130181833.0
100##$a20160115l18881908k l0rusy0189 ca
1010#$arus
102##$aRU
2001#$aДело о причислении отставного статского советника Андрея Филонова к Министерству народного просвещения, с назначением членом Особого отдела Ученого комитета означенного Министерства
$j18 октября 1888 г. - 4 июня 1908 г.
251##$cДело
300##$aДело
801#0$aRU
$bРГИА
$c20160115
$gRCR
801#1$aRU
$bГлавНИВЦ
$c20160115
$2rusmarc
801#2$aRU
$bПБ им. Б.Н. Ельцина
$c20171130
$gRCR
$2rusmarc
850##$aРГИА
852##$aРГИА
$eФедеральное казенное учреждение "Российский государственный исторический архив" (РГИА)
$j207
937##$hРГИА
$d12191093
$aASBIBLIO_SCAN
462#0$100192199c64-6874-4077-9f66-5b288fbc0ba4
$12001
$aДела Инспекторского разряда Департамента народного просвещения за 1887-1901 гг.
$1251
$cОпись
$1852
$j122
461#0$1001a74412a3-3cc5-4d21-8f0a-dfe2fbd9e72d
$12001
$aДепартамент народного просвещения Министерства народного просвещения (1803-1917)
$1251
$cФонд
$1852
$j733
215##$a85 л.
$d36,5х26 см
371##$aДокумент не является опубликованным и широко распространяемым
105##$ay###
1222#$ad
035##$aab38a0e0-b56d-415c-840e-48e49a9c27f4
856##$uhttp://readingroom.main.prlib.ru/item.aspx?id_node=n110607926&mode=full
Формат отображения